000 00287nam a22001337a 4500
008 170419b xxu||||| |||| 00| 0 eng d
020 _a2900321652897
041 _aeng
080 _24TH
_a573
100 _a11
101 _aSHM
245 _aESSENTIAL BIOLOGY
_cSIMON
942 _2udc
_cBK
999 _c11256
_d11256